000 01076cam a2200217 4500
001 WB3907-11
008 030219n2003 000 0 eng u
035 _a(Sirsi) u121394
245 _aAmended standards for care homes
260 _c2003
490 _aDoH Press Release
_v(2003/0070) 18 February 2003, (2)
520 _aGovernment has published amended national minimum standards for care homes for older people and adults, following last year's consultation exercise. Care homes in existence before April 2002 will not have to change to meet some of the physical environmental standards which came into force on 1 April 2002. The revised standards apply from 1 June 2003. Further information and amended standards available from DoH website www.doh.gov.uk/NCSC www.gnn.gov.uk/gnn/national.nsf/Daily+News/98C35E3E3899FC9380256CD1004005DF?opendocument
590 _aWB
650 _aCARE HOMES
650 _aENVIRONMENTAL STANDARDS
650 _aOLDER PEOPLE
650 _aBUILDING ALTERATIONS
650 _aNURSING HOMES
690 _aHOUSING
942 _n0
999 _c72133
_d72133